Online
Catalog

500 años de lucha por la justicia : (Record no. 40760)

MARC details
000 -CABECERA
campo de control de longitud fija 01170nam a2200277 a 4500
001 - NÚMERO DE CONTROL
campo de control 000041270
003 - IDENTIFICADOR DEL NÚMERO DE CONTROL
campo de control DO-SdBNP
005 - FECHA Y HORA DE LA ÚLTIMA TRANSACCIÓN
campo de control 20230118092910.0
007 - CAMPO FIJO DE DESCRIPCIÓN FÍSICA--INFORMACIÓN GENERAL
campo de control de longitud fija ta
008 - DATOS DE LONGITUD FIJA--INFORMACIÓN GENERAL
campo de control de longitud fija 130927s2011 dr r 001 0 spa d
020 ## - NÚMERO INTERNACIONAL ESTÁNDAR DEL LIBRO
Número Internacional Estándar del Libro 9789945447613
040 ## - FUENTE DE LA CATALOGACIÓN
Centro catalogador/agencia de origen DO-SdBNP
Lengua de catalogación spa
Centro/agencia transcriptor BNPHU
082 ## - NÚMERO DE LA CLASIFICACIÓN DECIMAL DEWEY
Número de clasificación xxxx
Número de documento/Ítem C7495
Número de edición 22
111 2# - ENTRADA PRINCIPAL--NOMBRE DE CONGRESO/REUNIÓN
Nombre de congreso/reunión o jurisdicción como elemento de entrada Congreso Internacional 500 años de la llegada de los dominicos a América y del 472 aniversario de la Universidad Autónoma de Santo Domingo
Sede del congreso/Lugar de la reunión (Santo Domingo
Fecha del congreso/reunión 2010 : 14-16 octubre )
9 (RLIN) 67879
245 10 - MENCIÓN DE TÍTULO
Título 500 años de lucha por la justicia :
Resto del título los dominicanos y la UASD, juntando el derecho con el hecho /
Mención de responsabilidad, etc. coordinadores Celedonio Jiménez Santos, Manuel Jesús Romero Blanco.
246 13 - FORMA VARIANTE DE TÍTULO
Título propio/Titulo breve Quinientos años de lucha por la justicia :
Resto del título los dominicanos y la UASD
260 ## - PUBLICACIÓN, DISTRIBUCIÓN, ETC.
Lugar de publicación, distribución, etc. Santo Domingo :,
Fecha de publicación, distribución, etc. 2011.
300 ## - DESCRIPCIÓN FÍSICA
Extensión 357 p. ;
Dimensiones 24 cm.
500 ## - NOTA GENERAL
Nota general Incluye índice onomástico
504 ## - NOTA DE BIBLIOGRAFÍA, ETC.
Nota de bibliografía, etc. Incluye referencias bibliográficas y notas al pie de páginas
590 ## - NOTA LOCAL (RLIN)
Nota local Inventariado, 2019/BT
700 1# - PUNTO DE ACCESO ADICIONAL--NOMBRE DE PERSONA
Nombre de persona Jiménez Santos, Celedonio,
Término indicativo de función/relación coor.
9 (RLIN) 14500
700 1# - PUNTO DE ACCESO ADICIONAL--NOMBRE DE PERSONA
Nombre de persona Romero Blanco, Manuel Jesús,
Término indicativo de función/relación coor.
9 (RLIN) 67880
910 ## - DATOS DE OPCIÓN DEL USUARIO (OCLC)
Datos de opción del usuario BT
942 ## - ELEMENTOS DE PUNTO DE ACCESO ADICIONAL (KOHA)
Fuente del sistema de clasificación o colocación Dewey Decimal Classification
Tipo de ítem Koha Libro
Holdings
Estado de retiro Estado de pérdida No para préstamo Código de colección Localización permanente Ubicación/localización actual Ubicación en estantería Fecha de adquisición Número de inventario Total de préstamos Signatura topográfica completa Código de barras Fecha visto por última vez Precio válido a partir de Tipo de ítem Koha Número de copia Fuente del sistema de clasificación o colocación Restricciones de uso Fuente de adquisición
      Dominicana de Servicio Biblioteca Nacional Pedro Henríquez Ureña Biblioteca Nacional Pedro Henríquez Ureña En catalogación 18.01.2023     xxxx C749 2023-0241 18.01.2023 18.01.2023 Libro e.3 Dewey Decimal Classification Préstamo en sala donado
    Excluido de préstamo Patrimonio Dominicano Patrimonio Dominicano Patrimonio Dominicano Depósito 27.09.2013 LF1   xxxx xxxx 41270-10 25.06.2020 25.06.2020 Libro y Folleto Colección Patrimonio Dominicano        
  Extraviado Excluido de préstamo Patrimonio Dominicano Patrimonio Dominicano Patrimonio Dominicano Extraviado 12.12.2018 LF1   xxxx xxxx 41270-20 25.06.2020 25.06.2020 Libro y Folleto Colección Patrimonio Dominicano e. 2      

Powered by Koha